000 00676nam a2200289Ia 4500
005 20260324120837.0
008 008 260324s9999 xx 000 0 eng d
020 _a9780429479243
037 _aEBOOK
040 _aCRL
040 _beng
040 _cCRL
041 _2eng
041 _aeng
084 _qCRL
100 _aPhilippa Weitz
_91160190
245 0 _aPsychotherapy 2.0
245 0 _bWhere Psychotherapy and Technology Meet
260 _bTaylor and Francis
260 _c2014
365 _a
365 _b220
856 _uhttp://www.taylorfrancis.com/books/9780429479243
942 _cEBOOK
999 _c1751923
_d1751923